000
00195 a2200097 4500
001
4428
100
_a
Moore,W.J
245
_a
Physical chemistry
260
_a
_b
Longmans
_c
090
_c
3626
_d
3626
942
_a
NUST-CAE
_c
M
_c
29180
999
_c
239501
_d
239501